[Event "I Open A"]
[Site "San Marino SMR"]
[Date "1998.06.??"]
[Round "4"]
[White "Hacker, Christian"]
[Black "Schmitz, Manuela"]
[Result "0-1"]
[WhiteElo "2190"]
[BlackElo "2010"]
[PlyCount "102"]
[EventDate "1998.06.13"]

1. d4 d5 2. Nf3 Nf6 3. c4 dxc4 4. Qa4+ c6 5. Qxc4 Bf5 6. Nc3 e6 7. g3 Nbd7 8.
Bg2 Be7 9. O-O O-O 10. Bf4 Ne4 11. Rfd1 Nxc3 12. bxc3 Bc2 13. a4 Bxd1 14. Rxd1
Nf6 15. Ne5 Nd5 16. Bd2 Qa5 17. Qb3 Nb6 18. Bxc6 bxc6 19. Nxc6 Qxa4 20. Nxe7+
Kh8 21. Qxa4 Nxa4 22. c4 Rfd8 23. d5 exd5 24. cxd5 Rd7 25. Bb4 a5 26. Ba3 Nc3
27. Rd3 Nxe2+ 28. Kf1 Nc1 29. Re3 Na2 30. Bb2 Nb4 31. d6 f6 32. Nf5 Nc6 33. f4
Kg8 34. Rc3 Na7 35. Rc5 Rb8 36. Bc3 Rb5 37. Rxb5 Nxb5 38. Bxa5 Nxd6 39. Nxd6
Rxd6 40. Kg2 Rd3 41. Kh3 Ra3 42. Bb6 Kf7 43. Kg4 g6 44. Bd8 h5+ 45. Kh4 Ke6 46.
Bb6 Kf5 47. Bd8 Ra8 48. Be7 Re8 49. Bc5 g5+ 50. fxg5 fxg5+ 51. Kh3 Re2 0-1

[Event "I Open A"]
[Site "San Marino SMR"]
[Date "1998.06.??"]
[Round "4"]
[White "Khenkin, Igor"]
[Black "Giorgadze, Giorgi"]
[Result "1-0"]
[WhiteElo "2565"]
[BlackElo "2605"]
[PlyCount "53"]
[EventDate "1998.06.13"]

1. d4 Nf6 2. c4 e6 3. Nf3 d5 4. Nc3 Be7 5. Qc2 O-O 6. Bg5 dxc4 7. e4 Nc6 8. Rd1
b5 9. Nxb5 Nb4 10. Qxc4 Nxe4 11. Bxe7 Qxe7 12. a3 Nd5 13. Bd3 Nd6 14. Qc2 Nxb5
15. Bxb5 Rb8 16. Bd3 Nf4 17. Bxh7+ Kh8 18. g3 g6 19. gxf4 Kxh7 20. Rg1 e5 21.
dxe5 Bf5 22. Qc3 f6 23. Nh4 Qe6 24. Qxc7+ Kh6 25. Rd6 Qc8 26. Qxc8 Bxc8 27.
Nxg6 1-0

[Event "I Open A"]
[Site "San Marino SMR"]
[Date "1998.06.??"]
[Round "4"]
[White "Lagrotteria, Salvatore"]
[Black "Vettel, Matthias"]
[Result "0-1"]
[WhiteElo "2180"]
[BlackElo "2205"]
[PlyCount "56"]
[EventDate "1998.06.13"]

1. Nf3 c5 2. g3 d5 3. d4 cxd4 4. Nxd4 e5 5. Nf3 Nc6 6. Bg2 Nf6 7. O-O Be7 8. a4
O-O 9. c3 Bg4 10. h3 Bh5 11. b4 e4 12. Nh2 Re8 13. Na3 Rc8 14. g4 Bg6 15. Qb3
d4 16. Rd1 Qd5 17. c4 Qe6 18. Bd2 e3 19. fxe3 dxe3 20. Be1 h5 21. Bd5 Qe5 22.
Nf3 Qf4 23. Bxc6 Rxc6 24. g5 Ne4 25. Nc2 Nxg5 26. Ncd4 Nxh3+ 27. Kg2 Qg4+ 28.
Kf1 Nf4 0-1

[Event "I Open A"]
[Site "San Marino SMR"]
[Date "1998.06.??"]
[Round "4"]
[White "Lapiccirella, Mattia"]
[Black "Elstner, Herbert"]
[Result "0-1"]
[WhiteElo "2095"]
[BlackElo "2155"]
[PlyCount "82"]
[EventDate "1998.06.13"]

1. d4 d5 2. c4 e5 3. dxe5 d4 4. Nf3 Nc6 5. g3 Bg4 6. Bg2 Qd7 7. O-O O-O-O 8.
Nbd2 h5 9. Re1 h4 10. b4 Re8 11. Qa4 Kb8 12. b5 Nxe5 13. Nxd4 hxg3 14. hxg3 Bc5
15. N2b3 Bxd4 16. Nxd4 Nd3 17. Nc6+ bxc6 18. bxc6 Qf5 19. Qb3+ Kc8 20. Qb7+ Kd8
21. Qb8+ Qc8 22. Bg5+ f6 23. Qxc8+ Bxc8 24. exd3 Rxe1+ 25. Rxe1 fxg5 26. Re5 g4
27. Rg5 Nf6 28. Rxg7 Re8 29. Rf7 Re1+ 30. Bf1 Ne8 31. Rf4 Ra1 32. Rd4+ Ke7 33.
Re4+ Kf7 34. Rf4+ Nf6 35. d4 Rxa2 36. d5 Rd2 37. c5 Rd1 38. Kg2 a6 39. Be2 Rd2
40. Kf1 Kg6 41. Ra4 Rxd5 0-1

[Event "I Open A"]
[Site "San Marino SMR"]
[Date "1998.06.??"]
[Round "4"]
[White "Mantovani, Renzo"]
[Black "Isonzo, David"]
[Result "1-0"]
[WhiteElo "2365"]
[BlackElo "2235"]
[PlyCount "122"]
[EventDate "1998.06.13"]

1. e4 e5 2. Bc4 Nf6 3. Qe2 Bc5 4. Nf3 Nc6 5. c3 O-O 6. b4 Bb6 7. d3 h6 8. Nbd2
d5 9. Bb3 a6 10. a3 Re8 11. O-O Be6 12. Ba4 Qd6 13. Bb2 Nh5 14. g3 Bh3 15. exd5
Nf4 16. Qe4 Bxf1 17. Rxf1 Nxd5 18. c4 Nf6 19. Qf5 Bd4 20. c5 Qe6 21. Qxe6 Rxe6
22. Bxc6 Bxb2 23. Bxb7 Rb8 24. c6 Bxa3 25. Nc4 Bxb4 26. Nfxe5 a5 27. f4 Rd8 28.
Ra1 Rd5 29. Kf2 g5 30. Kf3 Kg7 31. Ra2 Nh5 32. Ne3 Rc5 33. Nf5+ Kf6 34. Nd7+
Kxf5 35. g4+ Kg6 36. Nxc5 Bxc5 37. f5+ Kf6 38. fxe6 Nf4 39. exf7 Kxf7 40. Rxa5
Nxd3 41. Ke4 Nf2+ 42. Kf5 Bd6 43. Rd5 Bxh2 44. Rd7+ Ke8 45. Ba6 Bf4 46. Bc4 Bg3
47. Bb3 Bf4 48. Bc2 Bg3 49. Rh7 Bf4 50. Rxh6 Kf8 51. Rh7 Kg8 52. Rd7 Kf8 53.
Rh7 Kg8 54. Re7 Kf8 55. Re2 Nh1 56. Kf6 Ng3 57. Re1 Bd2 58. Rd1 Bc3+ 59. Kxg5
Ne2 60. Rd8+ Ke7 61. Rd1 Ke6 1-0

[Event "I Open A"]
[Site "San Marino SMR"]
[Date "1998.06.??"]
[Round "4"]
[White "Mordiglia, Riccardo"]
[Black "Maccapani, Massimiliano"]
[Result "1/2-1/2"]
[WhiteElo "2115"]
[BlackElo "1982"]
[PlyCount "64"]
[EventDate "1998.06.13"]

1. Nc3 c5 2. Nf3 e6 3. d4 cxd4 4. Nxd4 a6 5. Bf4 d5 6. e3 Nf6 7. Be2 Bb4 8. O-O
Nbd7 9. Nf3 Qe7 10. Ne5 Nxe5 11. Bxe5 Bd7 12. Qd4 Bc6 13. Qf4 Nd7 14. Bxg7 Rg8
15. Be5 Nxe5 16. Qxe5 Bd6 17. Qd4 e5 18. Qd3 e4 19. Qd4 Be5 20. Qb6 Bxh2+ 21.
Kxh2 Qh4+ 22. Kg1 Rxg2+ 23. Kxg2 Kd7 24. Rg1 Rg8+ 25. Kf1 Qh3+ 26. Ke1 Rxg1+
27. Kd2 Rxa1 28. Qd4 Qh1 29. Bg4+ Kc7 30. Qe5+ Kb6 31. Qd4+ Kc7 32. Qe5+ Kb6
1/2-1/2

[Event "I Open A"]
[Site "San Marino SMR"]
[Date "1998.06.??"]
[Round "4"]
[White "Ravagnani, Tiziano"]
[Black "Krumm, Johannes"]
[Result "1-0"]
[WhiteElo "2015"]
[BlackElo "2115"]
[PlyCount "81"]
[EventDate "1998.06.13"]

1. e4 c5 2. c3 d5 3. exd5 Qxd5 4. d4 Nf6 5. Nf3 Bg4 6. Be2 cxd4 7. cxd4 e6 8.
O-O Nc6 9. Nc3 Qd7 10. Bb5 Rd8 11. Ne5 Bxd1 12. Nxd7 Rxd7 13. Rxd1 Be7 14. Be3
O-O 15. Rac1 Rfd8 16. Kf1 Rd6 17. Bxc6 Rxc6 18. Nb5 Rb6 19. a4 Nd5 20. Nxa7
Rxb2 21. Rb1 Rb4 22. Rxb4 Bxb4 23. Bd2 Kf8 24. Bxb4+ Nxb4 25. Nb5 Ra8 26. Nc3
Nd5 27. Nxd5 exd5 28. Ra1 b5 29. a5 Ke7 30. Ke2 Kd6 31. Kd3 Ra7 32. Kc3 Rb7 33.
Kb4 Re7 34. a6 Ra7 35. Kxb5 Kc7 36. Re1 Ra8 37. Rc1+ Kd6 38. Rc6+ Kd7 39. Rb6
Kc7 40. Rb7+ Kd6 41. a7 1-0

[Event "I Open A"]
[Site "San Marino SMR"]
[Date "1998.06.??"]
[Round "4"]
[White "Schaefer, Michael"]
[Black "Magalotti, Andrea"]
[Result "1/2-1/2"]
[WhiteElo "2210"]
[BlackElo "2145"]
[PlyCount "80"]
[EventDate "1998.06.13"]

1. d4 Nf6 2. c4 c5 3. d5 e6 4. Nc3 exd5 5. cxd5 d6 6. e4 g6 7. f4 Bg7 8. Bb5+
Nfd7 9. a4 O-O 10. Nf3 Na6 11. O-O Nb4 12. Bd2 a6 13. Bc4 Re8 14. Be1 Nf6 15.
Bh4 Bg4 16. Rc1 Qc7 17. h3 Bxf3 18. Qxf3 Rab8 19. e5 dxe5 20. fxe5 Rxe5 21. g4
Ne8 22. Ne4 Nxd5 23. Rcd1 Rxe4 24. Qxe4 Ndf6 25. Qf4 Qxf4 26. Rxf4 b5 27. axb5
axb5 28. Bxf7+ Kxf7 29. g5 Rb6 30. gxf6 Bxf6 31. Bxf6 Nxf6 32. b3 Ke7 33. Re1+
Kf7 34. Rc1 Rc6 35. Rb4 cxb4 36. Rxc6 Ne4 37. Rb6 Nd2 38. Rxb5 Nxb3 39. Rxb4
Nc5 40. Rb5 Nd7 1/2-1/2

[Event "I Open A"]
[Site "San Marino SMR"]
[Date "1998.06.??"]
[Round "4"]
[White "Tocco, Paolo"]
[Black "Sulava, Nenad"]
[Result "0-1"]
[WhiteElo "2150"]
[BlackElo "2450"]
[PlyCount "82"]
[EventDate "1998.06.13"]

1. e4 c5 2. Nc3 a6 3. g3 b5 4. Bg2 Bb7 5. d3 e6 6. f4 Nf6 7. Qe2 Nc6 8. Nf3 Nd4
9. Qd1 Rc8 10. Be3 Nxf3+ 11. Bxf3 d5 12. e5 Nd7 13. Bf2 g6 14. O-O Bg7 15. Qe2
O-O 16. h4 b4 17. Nd1 f6 18. exf6 Qxf6 19. c3 e5 20. Bg4 Qd6 21. fxe5 Nxe5 22.
Bxc8 Bxc8 23. Be3 Bg4 24. Rxf8+ Qxf8 25. Qf2 Nf3+ 26. Kg2 d4 27. cxd4 Qa8 28.
Kf1 Nxd4 29. Kg1 Nf3+ 30. Kf1 Qd5 31. Rc1 Qxd3+ 32. Kg2 c4 33. Bc5 Qe4 34. Ne3
Nxh4+ 35. Kf1 Nf3 36. Kg2 Ne5+ 37. Kh2 Be6 38. Qf4 Qxf4 39. gxf4 Nd3 40. Rxc4
Bxc4 41. Nxc4 Nxc5 0-1

[Event "I Open A"]
[Site "San Marino SMR"]
[Date "1998.06.??"]
[Round "5"]
[White "Bartolozzi, Roberto"]
[Black "Hacker, Christian"]
[Result "1/2-1/2"]
[WhiteElo "1905"]
[BlackElo "2190"]
[PlyCount "58"]
[EventDate "1998.06.13"]

1. Nf3 Nf6 2. d4 b6 3. Bg5 Bb7 4. e3 d6 5. Nbd2 Nbd7 6. Be2 g6 7. O-O Bg7 8. a4
a6 9. h3 O-O 10. c3 Qe8 11. Bf4 e5 12. Bh2 Qe7 13. c4 e4 14. Ne1 d5 15. Bxc7
dxc4 16. Nxc4 Rfc8 17. Bh2 Bd5 18. Rc1 Ne8 19. Qd2 Qe6 20. Na3 Rxc1 21. Qxc1
Bf8 22. Nb1 Bb3 23. Nc3 Qc6 24. Qb1 f5 25. Nc2 Kg7 26. d5 Bxd5 27. Nxd5 Qxd5
28. Rd1 Qb7 29. Bc4 Nef6 1/2-1/2

[Event "I Open A"]
[Site "San Marino SMR"]
[Date "1998.06.??"]
[Round "5"]
[White "Cacco, Christian"]
[Black "Casadei, Mauro"]
[Result "1-0"]
[WhiteElo "2180"]
[BlackElo "2130"]
[PlyCount "85"]
[EventDate "1998.06.13"]

1. d4 d5 2. Nf3 Nf6 3. c4 c6 4. cxd5 cxd5 5. Nc3 Nc6 6. a3 Ne4 7. e3 Nxc3 8.
bxc3 g6 9. c4 Bg7 10. Bb2 O-O 11. cxd5 Qxd5 12. Be2 Bf5 13. O-O Na5 14. Qa4
Rfc8 15. Rac1 Qa2 16. Qxa5 Qxb2 17. Bc4 h6 18. Qb4 Qxb4 19. axb4 Be4 20. Nd2
Bc6 21. Nb3 b6 22. Ba6 Rc7 23. b5 Bd5 24. Rxc7 Bxb3 25. Rxe7 Bf8 26. Rc7 Bd6
27. Rc6 Rd8 28. Rb1 Bd5 29. Rc8 Rxc8 30. Bxc8 f5 31. Bd7 Kf7 32. f3 Ke7 33. Bc6
Bc4 34. Kf2 Bd3 35. Rb2 Bc4 36. g3 Ba3 37. Rb1 Bd6 38. e4 Bd3 39. Rb2 fxe4 40.
fxe4 Bc4 41. Ke3 Ke6 42. Rf2 Be7 43. e5 1-0

[Event "I Open A"]
[Site "San Marino SMR"]
[Date "1998.06.??"]
[Round "5"]
[White "Costantini, Roberto"]
[Black "Schaefer, Michael"]
[Result "1/2-1/2"]
[WhiteElo "2140"]
[BlackElo "2210"]
[PlyCount "101"]
[EventDate "1998.06.13"]

1. e4 c5 2. Nf3 e6 3. d4 cxd4 4. Nxd4 Nf6 5. Nc3 d6 6. Be2 Nc6 7. O-O Be7 8.
Be3 Bd7 9. f4 Nxd4 10. Bxd4 Bc6 11. Bf3 O-O 12. Kh1 Qc7 13. e5 dxe5 14. Bxe5
Qb6 15. Qe2 Nd7 16. Bxc6 Qxc6 17. Bd4 Bf6 18. Rad1 Bxd4 19. Rxd4 Nf6 20. Rfd1
Rac8 21. R1d2 a6 22. a3 h6 23. h3 Qc7 24. Qf3 b5 25. Qd3 Nh5 26. Qf3 g6 27. Qg4
Rfd8 28. Qh4 Rxd4 29. Rxd4 e5 30. fxe5 Qxe5 31. Qg4 Ng3+ 32. Kh2 Nf5+ 33. Rf4
Rc4 34. g3 Rxf4 35. Qxf4 Qxf4 36. gxf4 Ne3 37. Ne4 Nxc2 38. Nc5 a5 39. Nb7 a4
40. Nd6 Nd4 41. Kg2 Kf8 42. Nc8 Ke8 43. Kf2 Kd7 44. Na7 Kd6 45. Ke3 Kd5 46. Nc8
g5 47. Nb6+ Kc5 48. Nd7+ Kd5 49. Nb6+ Kc5 50. Nd7+ Kd5 51. Nb6+ 1/2-1/2

[Event "I Open A"]
[Site "San Marino SMR"]
[Date "1998.06.??"]
[Round "5"]
[White "Elstner, Herbert"]
[Black "Dubois, Martine"]
[Result "0-1"]
[WhiteElo "2155"]
[BlackElo "2060"]
[PlyCount "28"]
[EventDate "1998.06.13"]

1. f4 e5 2. e4 d5 3. exd5 c6 4. Qf3 exf4 5. Qxf4 Nf6 6. dxc6 Nxc6 7. Bc4 Bc5 8.
c3 O-O 9. Nf3 Re8+ 10. Kd1 Be3 11. Bxf7+ Kxf7 12. Ng5+ Kg6 13. Qg3 Bg4+ 14. Nf3
Ne5 0-1

[Event "I Open A"]
[Site "San Marino SMR"]
[Date "1998.06.??"]
[Round "5"]
[White "Gabriel, Christian"]
[Black "Khenkin, Igor"]
[Result "1/2-1/2"]
[WhiteElo "2555"]
[BlackElo "2565"]
[PlyCount "50"]
[EventDate "1998.06.13"]

1. d4 d5 2. c4 c6 3. Nf3 Nf6 4. Nc3 e6 5. cxd5 exd5 6. Qc2 g6 7. Bg5 Be7 8. e4
dxe4 9. Bxf6 Bxf6 10. Nxe4 O-O 11. Bc4 Nd7 12. O-O Nb6 13. Bb3 Bf5 14. Rfe1 Re8
15. a4 Kg7 16. Rad1 Nd5 17. Ne5 Qb6 18. h3 Bxe5 19. dxe5 Rxe5 20. Bxd5 cxd5 21.
Qc3 f6 22. Nxf6 Rxe1+ 23. Rxe1 d4 24. Qf3 Kxf6 25. g4 Qb4 1/2-1/2

[Event "I Open A"]
[Site "San Marino SMR"]
[Date "1998.06.??"]
[Round "5"]
[White "Giorgadze, Giorgi"]
[Black "Vettel, Matthias"]
[Result "1-0"]
[WhiteElo "2605"]
[BlackElo "2205"]
[PlyCount "77"]
[EventDate "1998.06.13"]

1. d4 Nf6 2. c4 e6 3. Nc3 Bb4 4. e3 O-O 5. Bd3 d5 6. cxd5 exd5 7. Nge2 Re8 8.
Bd2 Bd6 9. Qc2 Na6 10. a3 c5 11. dxc5 Nxc5 12. Nb5 Bf8 13. Bc3 Nfe4 14. Bd4
Nxd3+ 15. Qxd3 Bf5 16. Qd1 a6 17. Nbc3 Qh4 18. g3 Nxc3 19. Nxc3 Qh3 20. Qe2 Qg2
21. Kd2 Rac8 22. f3 Qh3 23. g4 Bg6 24. Rac1 h5 25. Rhg1 hxg4 26. Rxg4 Qh5 27.
Rcg1 Qf5 28. Rg5 Qe6 29. Re5 Qc6 30. Rxe8 Rxe8 31. Rg5 Rd8 32. h4 Bc5 33. h5
Bxd4 34. exd4 Qf6 35. Qe3 Bf5 36. Qf4 g6 37. Rg2 Re8 38. Nxd5 Qe6 39. Qe3 1-0

[Event "I Open A"]
[Site "San Marino SMR"]
[Date "1998.06.??"]
[Round "5"]
[White "Isonzo, David"]
[Black "Genocchio, Daniele"]
[Result "0-1"]
[WhiteElo "2235"]
[BlackElo "2155"]
[PlyCount "56"]
[EventDate "1998.06.13"]

1. e4 c5 2. Nf3 d6 3. d4 Nf6 4. Nc3 cxd4 5. Nxd4 g6 6. Be3 Bg7 7. f3 O-O 8. Qd2
Nc6 9. Bc4 Bd7 10. h4 Ne5 11. Bb3 h5 12. O-O-O Rc8 13. Bg5 Rc5 14. f4 Nc4 15.
Qd3 b5 16. e5 Ng4 17. Ne4 Rc8 18. Nxd6 Nf2 19. Qf3 Nxd1 20. Nxc8 Bg4 21. Nxe7+
Kh7 22. Qxg4 Qxd4 23. Bxc4 hxg4 24. h5 Qxb2+ 25. Kd2 Rd8+ 26. Bd3 Rxd3+ 27. Ke1
Qc3+ 28. Kf1 Rf3+ 0-1

[Event "I Open A"]
[Site "San Marino SMR"]
[Date "1998.06.??"]
[Round "5"]
[White "Krumm, Johannes"]
[Black "Gaggiottini, Manfredo"]
[Result "0-1"]
[WhiteElo "2115"]
[BlackElo "2105"]
[PlyCount "127"]
[EventDate "1998.06.13"]

1. e4 c6 2. d4 d5 3. exd5 cxd5 4. c4 Nf6 5. Nc3 e6 6. Nf3 Bb4 7. Qc2 Nc6 8. c5
b6 9. Bb5 Bxc3+ 10. Qxc3 Bd7 11. O-O Ne4 12. Qc2 bxc5 13. dxc5 Qf6 14. a3 g5
15. Bd3 g4 16. Bxe4 gxf3 17. Bxf3 Rg8 18. Kh1 Rb8 19. Rb1 Nd4 20. Qxh7 Ke7 21.
Qh6 Qf5 22. Qf4 e5 23. Re1 Nxf3 24. Qxf3 Qxf3 25. gxf3 Kf6 26. f4 Bf5 27. fxe5+
Ke6 28. Bf4 Bxb1 29. Rxb1 Rgc8 30. Be3 Rb3 31. Kg2 Rg8+ 32. Kf1 Rh8 33. Bf4 Rc8
34. Be3 Kxe5 35. Rd1 Ke6 36. Bd4 Rh3 37. Re1+ Kd7 38. Re5 Kc6 39. Re7 Rc7 40.
Rxc7+ Kxc7 41. Be5+ Kc6 42. Kg2 Rh5 43. Bd6 a5 44. b4 a4 45. Kf3 Rh4 46. Bf4
Rh8 47. Ke3 Re8+ 48. Kd3 Re1 49. h4 Ra1 50. h5 Rxa3+ 51. Kc2 Ra2+ 52. Kb1 Rxf2
53. Bc1 Rh2 54. h6 Kb5 55. Bf4 Rh4 56. Bd2 f5 57. Bg5 Rxb4+ 58. Ka2 Rg4 59. Bf6
Rg2+ 60. Ka3 Rg3+ 61. Ka2 Rh3 62. Bg5 Kxc5 63. Kb2 Kc6 64. Kc2 0-1

[Event "I Open A"]
[Site "San Marino SMR"]
[Date "1998.06.??"]
[Round "5"]
[White "Lanzani, Mario"]
[Black "Slobodjan, Roman"]
[Result "1/2-1/2"]
[WhiteElo "2375"]
[BlackElo "2530"]
[PlyCount "61"]
[EventDate "1998.06.13"]

1. e4 d6 2. d4 Nf6 3. Nc3 g6 4. Nf3 Bg7 5. Be2 O-O 6. O-O Bg4 7. Be3 Nc6 8. Qd2
e5 9. dxe5 dxe5 10. Rad1 Qc8 11. h3 Rd8 12. Qc1 Bxf3 13. Bxf3 Nd4 14. Bxd4 exd4
15. Nd5 Nxd5 16. exd5 Qd7 17. Qd2 Qd6 18. Qd3 Re8 19. Qb3 b6 20. Rfe1 Kf8 21.
g3 a5 22. a4 h5 23. h4 Rad8 24. Kf1 Bf6 25. Qd3 Qb4 26. b3 Bg7 27. Qd2 Rxe1+
28. Qxe1 Qc5 29. Qd2 Re8 30. Re1 Rxe1+ 31. Kxe1 1/2-1/2

[Event "I Open A"]
[Site "San Marino SMR"]
[Date "1998.06.??"]
[Round "5"]
[White "Maccapani, Massimiliano"]
[Black "Tocco, Paolo"]
[Result "1/2-1/2"]
[WhiteElo "1982"]
[BlackElo "2150"]
[PlyCount "67"]
[EventDate "1998.06.13"]

1. e4 e5 2. Nf3 Nc6 3. c3 Qe7 4. Bc4 Nf6 5. Qe2 g6 6. Ng5 Nd8 7. d4 d6 8. dxe5
dxe5 9. Bb3 Bg7 10. Na3 O-O 11. O-O c6 12. Re1 Nh5 13. Nc2 h6 14. Nf3 Ne6 15.
Nb4 Nhf4 16. Bxf4 Nxf4 17. Qe3 Rd8 18. Rad1 Bg4 19. Nd3 Nxd3 20. Rxd3 Rxd3 21.
Qxd3 Rd8 22. Qe3 b6 23. Rd1 Rxd1+ 24. Bxd1 Qd7 25. Bb3 Be6 26. Qd2 Qxd2 27.
Nxd2 Bxb3 28. Nxb3 Kf8 29. Kf1 Ke7 30. Nc1 Ke6 31. Ke2 h5 32. h3 Bf8 33. Nd3 a5
34. a4 1/2-1/2

[Event "I Open A"]
[Site "San Marino SMR"]
[Date "1998.06.??"]
[Round "5"]
[White "Magalotti, Andrea"]
[Black "Ravagnani, Tiziano"]
[Result "1-0"]
[WhiteElo "2145"]
[BlackElo "2015"]
[PlyCount "66"]
[EventDate "1998.06.13"]

1. e4 c5 2. Nf3 Nc6 3. d4 cxd4 4. Nxd4 Nf6 5. Nc3 e5 6. Ndb5 d6 7. Bg5 a6 8.
Na3 b5 9. Nd5 Be7 10. Bxf6 Bxf6 11. c3 Bg5 12. Nc2 O-O 13. a4 bxa4 14. Rxa4 a5
15. Bc4 Be6 16. Nce3 Bxe3 17. Nxe3 Rb8 18. b3 Kh8 19. O-O Qd7 20. Bd5 Rb5 21.
Qh5 Ne7 22. Rd1 Rc5 23. Bxe6 Qxe6 24. Nc4 d5 25. Nxe5 Rxc3 26. exd5 Nxd5 27.
Rxa5 Nf6 28. Qe2 Rxb3 29. Ra6 Rb6 30. Nxf7+ Qxf7 31. Rxb6 Ne4 32. Rf1 Qc7 33.
Re6 Nc3 1-0

[Event "I Open A"]
[Site "San Marino SMR"]
[Date "1998.06.??"]
[Round "5"]
[White "Mordiglia, Riccardo"]
[Black "Lapiccirella, Mattia"]
[Result "0-1"]
[WhiteElo "2115"]
[BlackElo "2095"]
[PlyCount "78"]
[EventDate "1998.06.13"]

1. d4 Nf6 2. Nf3 g6 3. Bf4 Bg7 4. e3 O-O 5. h3 c5 6. c3 d6 7. dxc5 dxc5 8. Qxd8
Rxd8 9. Na3 Nc6 10. Bc4 Bf5 11. O-O Nd5 12. Ng5 h6 13. e4 hxg5 14. exd5 gxf4
15. dxc6 bxc6 16. Bb3 Bd3 17. Rfe1 Kf8 18. Bc4 Bf5 19. Bb3 a5 20. Ba4 Rab8 21.
Nc4 Bd3 22. Nxa5 Rxb2 23. Red1 Bxc3 24. Nxc6 Rd6 25. Rac1 Rxa2 26. Rxc3 Rxa4
27. Rxc5 Rc4 28. Rxc4 Bxc4 29. Rxd6 exd6 30. f3 Ke8 31. Kf2 Kd7 32. Nd4 Kc7 33.
g3 fxg3+ 34. Kxg3 Kb6 35. Kf4 Kc5 36. Nc2 Bd3 37. Ne3 Kd4 38. h4 Bb1 39. Nd1
Bc2 0-1

[Event "I Open A"]
[Site "San Marino SMR"]
[Date "1998.06.??"]
[Round "5"]
[White "Ortega, Lexy"]
[Black "Wojtkiewicz, Aleksander"]
[Result "1/2-1/2"]
[WhiteElo "2475"]
[BlackElo "2535"]
[PlyCount "89"]
[EventDate "1998.06.13"]

1. d4 g6 2. e4 Bg7 3. Nf3 d6 4. h3 Nf6 5. Nc3 O-O 6. Be3 a6 7. Qd3 e6 8. O-O-O
b5 9. e5 dxe5 10. dxe5 Qxd3 11. Bxd3 Nd5 12. Bc5 Rd8 13. Be4 Bb7 14. Be7 Rd7
15. Bxd5 Bxd5 16. Bf6 Bc6 17. a3 Rxd1+ 18. Rxd1 Bxf6 19. exf6 Nd7 20. Nd4 Bxg2
21. Nxe6 Nxf6 22. Nf4 Bc6 23. Nfd5 Nxd5 24. Nxd5 Bxd5 25. Rxd5 Re8 26. Kd2 Re4
27. Rc5 Rh4 28. Rxc7 Rxh3 29. Ra7 Rf3 30. Rxa6 Rxf2+ 31. Kd3 h5 32. a4 bxa4 33.
Rxa4 Kg7 34. b4 h4 35. b5 h3 36. Rh4 h2 37. b6 g5 38. Rh5 Rf6 39. b7 Rb6 40.
Rxh2 Rxb7 41. c4 Kf6 42. c5 Ke5 43. c6 Rc7 44. Rc2 f6 45. Ke3 1/2-1/2

[Event "I Open A"]
[Site "San Marino SMR"]
[Date "1998.06.??"]
[Round "5"]
[White "Prelati, Maurizio"]
[Black "Lagrotteria, Salvatore"]
[Result "1/2-1/2"]
[WhiteElo "2110"]
[BlackElo "2180"]
[PlyCount "64"]
[EventDate "1998.06.13"]

1. e4 c5 2. d4 cxd4 3. c3 dxc3 4. Nxc3 e6 5. Nf3 d6 6. Bc4 Nc6 7. O-O Be7 8.
Qe2 a6 9. Rd1 b5 10. Bb3 Ra7 11. Be3 Rd7 12. Nxb5 axb5 13. Qxb5 Bb7 14. Rac1
Qa8 15. Ba4 Nf6 16. Rxc6 O-O 17. e5 dxe5 18. Rxd7 Nxd7 19. Rc7 Bxf3 20. gxf3
Nf6 21. Rxe7 Qxf3 22. Bc5 h5 23. Rb7 Ne4 24. Rb8 Qg4+ 25. Kf1 Nd2+ 26. Ke1 Nf3+
27. Kf1 Nd2+ 28. Ke1 Nf3+ 29. Kf1 Nd2+ 30. Ke1 Nf3+ 31. Kf1 Nxh2+ 32. Ke1 Nf3+
1/2-1/2

[Event "I Open A"]
[Site "San Marino SMR"]
[Date "1998.06.??"]
[Round "5"]
[White "Schmitz, Manuela"]
[Black "Arlandi, Ennio"]
[Result "0-1"]
[WhiteElo "2010"]
[BlackElo "2425"]
[PlyCount "64"]
[EventDate "1998.06.13"]

1. d4 Nf6 2. c4 e6 3. Nf3 d5 4. cxd5 exd5 5. Nc3 c6 6. Qc2 g6 7. e3 Bf5 8. Bd3
Bxd3 9. Qxd3 Bd6 10. O-O O-O 11. Re1 Nbd7 12. Bd2 Re8 13. e4 dxe4 14. Nxe4 Rxe4
15. Rxe4 Nc5 16. dxc5 Bxh2+ 17. Kxh2 Qxd3 18. Rd4 Qf5 19. Rf4 Qh5+ 20. Kg1 Nd5
21. Re4 Qf5 22. Rae1 f6 23. Bc1 Qd7 24. Nd2 h5 25. Nc4 b6 26. b4 bxc5 27. bxc5
Kh7 28. Bb2 Kh6 29. Nd6 Rb8 30. Bxf6 Nxf6 31. Re7 Rb1 32. Rxb1 Qxe7 0-1

[Event "I Open A"]
[Site "San Marino SMR"]
[Date "1998.06.??"]
[Round "5"]
[White "Sulava, Nenad"]
[Black "Schmitz, Andreas Arnold"]
[Result "1-0"]
[WhiteElo "2450"]
[BlackElo "2115"]
[PlyCount "129"]
[EventDate "1998.06.13"]

1. Nf3 Nf6 2. g3 b6 3. Bg2 Bb7 4. O-O d5 5. c4 e6 6. cxd5 Bxd5 7. Nc3 Bb7 8. d4
c5 9. Bg5 cxd4 10. Bxf6 gxf6 11. Nxd4 Bxg2 12. Kxg2 Bc5 13. e3 O-O 14. Qf3 Nd7
15. Nc6 Ne5 16. Nxd8 Nxf3 17. Nxe6 Nh4+ 18. Kh3 fxe6 19. Kxh4 f5 20. Rad1 Be7+
21. Kh3 Bf6 22. Rd6 Bxc3 23. bxc3 Kf7 24. Rd7+ Kf6 25. Rxh7 Rh8 26. Rxh8 Rxh8+
27. Kg2 Rc8 28. Rc1 b5 29. Kf3 Rc4 30. Ke2 e5 31. Kd2 Ra4 32. Rc2 e4 33. Kc1
Ra6 34. Rb2 Kg5 35. h3 Ra3 36. Rxb5 Rxa2 37. Rb2 Ra1+ 38. Kd2 Rh1 39. Ra2 Rxh3
40. Rxa7 Kg4 41. Ke2 Rh8 42. Rg7+ Kh3 43. Rg5 Rf8 44. Kf1 Rf7 45. c4 Rf8 46. c5
Rf6 47. Ke2 Kg2 48. g4 f4 49. exf4 Rxf4 50. Ke3 Rxf2 51. Kxe4 Rc2 52. Kd5 Kf3
53. Rg8 Rd2+ 54. Ke5 Re2+ 55. Kd6 Rd2+ 56. Kc7 Ke4 57. c6 Ke5 58. Re8+ Kf4 59.
Rd8 Rc2 60. Rd4+ Ke5 61. Rd1 Rc4 62. Kd7 Rxg4 63. c7 Rg7+ 64. Kc6 Rg6+ 65. Kb7
1-0

[Event "I Open A"]
[Site "San Marino SMR"]
[Date "1998.06.??"]
[Round "6"]
[White "Arlandi, Ennio"]
[Black "Cacco, Christian"]
[Result "1-0"]
[WhiteElo "2425"]
[BlackElo "2180"]
[PlyCount "41"]
[EventDate "1998.06.13"]

1. d4 c5 2. d5 e6 3. c4 exd5 4. cxd5 d6 5. Nc3 g6 6. e4 Bg7 7. Nf3 Nd7 8. Bf4
Ngf6 9. Bxd6 Qb6 10. e5 Qxb2 11. Qc1 Qxc1+ 12. Rxc1 Ng4 13. Nb5 Kd8 14. Nc7 Rb8
15. e6 Ndf6 16. Ng5 Nh6 17. Bb5 Bf8 18. Be5 Nfg4 19. Bxh8 Kxc7 20. h3 Kb6 21.
Rb1 1-0

[Event "I Open A"]
[Site "San Marino SMR"]
[Date "1998.06.??"]
[Round "6"]
[White "Casadei, Mauro"]
[Black "Maccapani, Massimiliano"]
[Result "0-1"]
[WhiteElo "2130"]
[BlackElo "1982"]
[PlyCount "88"]
[EventDate "1998.06.13"]

1. d4 d5 2. c4 c6 3. Nf3 e6 4. Qc2 Nf6 5. g3 Nbd7 6. Bg2 b5 7. b3 Bb7 8. O-O
Bd6 9. c5 Bc7 10. Nbd2 e5 11. e4 O-O 12. Bb2 Re8 13. Rad1 Qe7 14. exd5 Nxd5 15.
Rfe1 Nb4 16. Qb1 Qf8 17. a3 Nd5 18. b4 exd4 19. Nxd4 N7f6 20. Ne4 Rad8 21.
Nxf6+ gxf6 22. Rxe8 Qxe8 23. Re1 Qd7 24. Qe4 Be5 25. Qh4 Bc8 26. f4 Nxf4 27.
Nxc6 Nxg2 28. Nxe5 Nxh4 29. Nxd7 Nf3+ 30. Kf2 Nxe1 31. Nxf6+ Kg7 32. Kxe1 Kg6
33. Ke2 Bf5 34. c6 Bd3+ 35. Ke3 Bc4 36. Be5 Kf5 37. Ba1 Rd3+ 38. Kf2 Rxa3 39.
Ne8 Rxa1 40. c7 Be6 41. Nd6+ Kf6 42. c8=Q Bxc8 43. Nxc8 Rb1 44. Nxa7 Rxb4 0-1

[Event "I Open A"]
[Site "San Marino SMR"]
[Date "1998.06.??"]
[Round "6"]
[White "Diena, Giovanni"]
[Black "Krumm, Johannes"]
[Result "0-1"]
[WhiteElo "1906"]
[BlackElo "2115"]
[PlyCount "92"]
[EventDate "1998.06.13"]

1. c4 c6 2. Nc3 d5 3. cxd5 cxd5 4. d4 Nf6 5. Nf3 g6 6. e3 Bg7 7. Be2 O-O 8. O-O
b6 9. Bd2 Bb7 10. Rc1 Nbd7 11. a4 Ne4 12. Nb5 a6 13. Nc3 e6 14. Na2 Rc8 15. Qb3
Nxd2 16. Nxd2 Qe7 17. Qb4 Qxb4 18. Nxb4 a5 19. Na2 Rxc1 20. Rxc1 Rc8 21. Rxc8+
Bxc8 22. Nc3 Nb8 23. f4 Bf8 24. Kf2 Bb4 25. Nf3 Bxc3 26. bxc3 Bd7 27. Bd1 b5
28. axb5 Bxb5 29. Ke1 Kf8 30. Kd2 Ke7 31. Kc1 f6 32. Kb2 Nd7 33. Ka3 Nb6 34.
Nd2 Kd7 35. Bb3 Kc6 36. g4 Kb7 37. g5 f5 38. Nf3 Ka6 39. Ne5 a4 40. Ba2 Ka5 41.
Nf7 Bc4 42. Ne5 Bxa2 43. Kxa2 Kb5 44. Ka3 Nc4+ 45. Nxc4 Kxc4 46. Kxa4 Kxc3 0-1